Statistiche per Riconosci il Trasferimento - Quiz n°1

Clicka qui per fare il quiz!

Statistiche generali

  • Questo quiz è stato fatto 3.564 volte
  • Il punteggio medio è 12 su 20

Statistiche sulle risposte

RuoloNazioneTrasferimentiGiocatore% Corretto
PortiereBelgioGenk 2009 - Atletico Madrid 2011 - Chelsea 2014 - Real Madrid 2018Thibaut Courtois
95%
AttaccantePoloniaDelta Varsavia 2004 - Legia Varsavia II 2005 - Znicz Pruszków II 2006 - Znicz Pruszków 2006 - Lech Poznan 2008 - Borussia Dortmund 2010 - Bayern Monaco 2014 - Barcellona 2022Robert Lewandowski
89%
CentrocampistaGermaniaBochum II 2008 - Norimberga 2009 - Borussia Dortmund 2011 - Manchester City 2016İlkay Gündoğan
83%
AttaccanteInghilterraLeyton Orient 2011- Tottenham 2011 - Millwall 2012 - Tottenham 2012 - Norwich City 2012 - Leicester City 2013 - Tottenham 2013Harry Kane
82%
AttaccanteFranciaParis Saint-Germain 2012 - Juventus 2014 - Bayern Monaco 2015Kingsley Coman
82%
CentrocampistaCroaziaZrinjski Mostar 2003 - Inter Zaprešić 2004 - Dinamo Zagabria 2005 - Tottenham 2008 - Real Madrid 2012Luka Modric
76%
DifensoreBrasileCorinthians 2011 - Roma 2012 - Paris Saint-Germain 2013Marquinhos
72%
DifensoreBrasile/PortogalloMaritimo 2002 - Porto 2004 - Real Madrid 2007 - Beşiktaş 2017 - Porto 2019Pepe
72%
DifensoreItaliaRoma 2010 - Crotone 2011 - Roma 2012 - Valencia 2020 - Paris Saint-Germain 2020 - Milan 2021Alessandro Florenzi
66%
AttaccanteFranciaOlympique Lione 2 2004 - Olympique Lione 2004 - Real Madrid 2009Karim Benzema
64%
CentrocampistaCileUniversita Catolica 2006 - Boca Juniors 2009 - Siviglia 2011 - Cardiff City 2013 - Inter 2014 - Beşiktaş 2017 - Bologna 2019Gary Medel
61%
DifensoreArgentinaBanfield 2010 - Real Murcia 2012 - Banfield 2013 - Independiente 2015 - Ajax 2018 - Olympique Lione 2022Nicolás Tagliafico
61%
DifensoreSvizzeraZurigo 2009 - Wolfsburg 2012 - Milan 2017 - PSV 2020 - Torino 2020Ricardo Rodriguez
59%
AttaccanteBrasileAmerica-MG 2015 - Fluminense 2016 - Watford 2017 - Everton 2018 - Tottenham 2022Richarlison
59%
AttaccanteSpagnaDinamo Zagabria 2015 - Red Bull Lipsia 2020Dani Olmo
57%
Centrocampista/AttaccanteGermaniaSchalke 04 2014 - Manchester City 2016 - Bayern Monaco 2020Leroy Sané
46%
PortiereFrancia / SenegalCherbourg 2011 - Olympique Marsiglia 2 2015 - Stade Reims 2 2016 - Stade Reims 2016 - Rennes 2019 - Chelsea 2020Edouard Mendy
38%
AttaccanteCamerunCotonsport Garoua 2009 - Valenciennes 2010 - Lorient 2013 - Porto 2014 - Beşiktaş 2020 - Al Nassr 2021Vincent Aboubakar
30%
AttaccanteInghilterraCoventry City 2009 - Ketteting Town 2011 - Tamworth 2011 - Coventry City 2012 - Bournemouth 2014 - Newcastle Utd 2020Callum Wilson
27%
PortiereOlandaNAC Breda 2014 - Foggia 2018 - Dordrecht 2019 - Go Ahead Eagles 2021 - Heerenveen 2022Andries Noppert
16%

Distribuzione punteggi

Percentile per numero di risposta

Percentuale di utenti per punteggio

I tuoi punteggi nel tempo

Non hai fatto questo quiz